000
00389nam a22001577a 4500
003
MPLRDC
005
20220104123800.0
008
210129b ||||| |||| 00| 0 eng d
082
_a
414.9 LJS
100
_a
刘杰三等编
245
_a
中医经验集锦
_c
260
_a
_b
艺美图书公司
_c
1971
300
_b
平
650
_a
中医医案; 中医病例
942
_c
BK
_o
414.9 LJS
999
_c
14155
_d
14145